• 首页
  • 本馆介绍
  • 公告通知
  • 最新文献
  • 馆藏检索
  • 电子资源
  • 读者导购
  • 参考咨询
  • 我的图书馆
  • 登录
  • 详细信息显示
  • 放入我的书架
  • 预约/预借图书
  • 作者相关作品
  • 分类相关作品
  • 丛书相关作品
  • 出版社相关作品

书目信息

  • 表格格式
  • 工作单格式
  • 卡片格式
题名:
游泳
    
 
作者: 温宇红 , 李文静 编著
分册:   仰泳技术图解
出版信息: 北京   北京体育大学出版社  2004
页数: 88页
开本: 20cm
丛书名: 运动技术图解丛书
单 册:
中图分类: G861.121.9-64
科图分类:
主题词: 游泳--运动技术--图解 , 游泳 , 运动技术 , 仰泳--运动技术--图解 , 仰泳
电子资源:
ISBN: 7-81100-054-7
000 01055oam2 2200313 450
001 002644811
005 20061114143852.37
010    @a7-81100-054-7@dCNY16.00
100    @a20040518d2004 em y0chiy0110 ea
101 0  @achi
102    @aCN@b110000
105    @aa z 000yy
200 1  @a游泳@9you yong@i仰泳技术图解@f温宇红,李文静编著
210    @a北京@c北京体育大学出版社@d2004
215    @a88页@c照片@d20cm
225 2  @a运动技术图解丛书
304    @a版权页题为:仰泳技术图解
330    @a该书介绍了仰泳姿势的基本情况、技术、技术训练方法、陆上辅助训练方法、提高游泳速度的一些基本训练方法等内容。书中采用大量图片,描述了优秀游泳运动员的技术,以及培养规范、先进技术的训练方法。
461  0 @12001 @a运动技术图解丛书
606 0  @a游泳@x运动技术@j图解
606 0  @a游泳
606 0  @a运动技术
606 0  @a仰泳@x运动技术@j图解
606 0  @a仰泳
690    @aG861.121.9-64@v4
701  0 @a温宇红@9wen yu hong@c(女)@4编著
701  0 @a李文静@9li wen jing@c(女)@4编著
801  0 @aCN@bNLC@c20061114
905    @a10447@dG861.121.9-64@e47
    
    游泳.仰泳技术图解/温宇红,李文静编著.-北京:北京体育大学出版社,2004
    88页:照片;20cm.-(运动技术图解丛书)
    
    
    ISBN 7-81100-054-7:CNY16.00
    该书介绍了仰泳姿势的基本情况、技术、技术训练方法、陆上辅助训练方法、提高游泳速度的一些基本训练方法等内容。书中采用大量图片,描述了优秀游泳运动员的技术,以及培养规范、先进技术的训练方法。
●
相关链接 在E读中查询图书 在五车中查询图书 在当当中查询图书 在豆瓣中查询图书


正题名:游泳     索取号:G861.121.9-64/47         预约/预借

序号 登录号 条形码 馆藏地/架位号 状态 备注
1 0382816   203828162   第一样本阅览室/ [索取号:G861.121.9-64/47] 在馆    
2 0382817   203828171   第四借阅区/ [索取号:G861.121.9-64/47] 在馆    
3 0382818   203828180   第四借阅区/ [索取号:G861.121.9-64/47] 在馆    
4 0382819   203828199   第四借阅区/ [索取号:G861.121.9-64/47] 在馆    
5 0382820   203828206   第四借阅区/ [索取号:G861.121.9-64/47] 在馆    
唐山师范学院图书馆 欢迎您!
大连网信软件有限公司© 版权所有